<?xml version="1.0" encoding="UTF-8"?>
<collection xmlns="http://www.loc.gov/MARC21/slim">
 <record>
  <leader>05258cam a2200997 c 4500</leader>
  <controlfield tag="001">011281278</controlfield>
  <controlfield tag="003">DE-627</controlfield>
  <controlfield tag="005">20260211142412.0</controlfield>
  <controlfield tag="007">tu</controlfield>
  <controlfield tag="008">710101s1978    gw |||||      00| ||ger c</controlfield>
  <datafield tag="015" ind1=" " ind2=" ">
   <subfield code="a">78,A39,0632</subfield>
   <subfield code="2">dnb</subfield>
  </datafield>
  <datafield tag="016" ind1="7" ind2=" ">
   <subfield code="a">780384830</subfield>
   <subfield code="2">DE-101</subfield>
  </datafield>
  <datafield tag="020" ind1=" " ind2=" ">
   <subfield code="a">3803001307</subfield>
  </datafield>
  <datafield tag="035" ind1=" " ind2=" ">
   <subfield code="a">(DE-627)011281278</subfield>
  </datafield>
  <datafield tag="035" ind1=" " ind2=" ">
   <subfield code="a">(DE-603)050945629</subfield>
  </datafield>
  <datafield tag="035" ind1=" " ind2=" ">
   <subfield code="a">(DE-576)04370459X</subfield>
  </datafield>
  <datafield tag="035" ind1=" " ind2=" ">
   <subfield code="a">(DE-599)GBV011281278</subfield>
  </datafield>
  <datafield tag="035" ind1=" " ind2=" ">
   <subfield code="a">(OCoLC)4780088</subfield>
  </datafield>
  <datafield tag="035" ind1=" " ind2=" ">
   <subfield code="a">(OCoLC)251831961</subfield>
  </datafield>
  <datafield tag="035" ind1=" " ind2=" ">
   <subfield code="a">(OCoLC)312347854</subfield>
  </datafield>
  <datafield tag="035" ind1=" " ind2=" ">
   <subfield code="a">(OCoLC)251831961</subfield>
  </datafield>
  <datafield tag="035" ind1=" " ind2=" ">
   <subfield code="a">(OCoLC)1078705114</subfield>
  </datafield>
  <datafield tag="035" ind1=" " ind2=" ">
   <subfield code="a">(OCoLC)185416764</subfield>
  </datafield>
  <datafield tag="040" ind1=" " ind2=" ">
   <subfield code="a">DE-627</subfield>
   <subfield code="b">ger</subfield>
   <subfield code="c">DE-627</subfield>
   <subfield code="e">rakwb</subfield>
  </datafield>
  <datafield tag="041" ind1=" " ind2=" ">
   <subfield code="a">ger</subfield>
  </datafield>
  <datafield tag="044" ind1=" " ind2=" ">
   <subfield code="c">XA-DE</subfield>
  </datafield>
  <datafield tag="050" ind1=" " ind2="0">
   <subfield code="a">NA1085</subfield>
  </datafield>
  <datafield tag="082" ind1="0" ind2=" ">
   <subfield code="a">602.18</subfield>
   <subfield code="q">OCLC</subfield>
   <subfield code="2">21</subfield>
  </datafield>
  <datafield tag="084" ind1=" " ind2=" ">
   <subfield code="a">SOP 2625 BER</subfield>
   <subfield code="2">sfb</subfield>
  </datafield>
  <datafield tag="084" ind1=" " ind2=" ">
   <subfield code="a">12a</subfield>
   <subfield code="2">sdnb</subfield>
  </datafield>
  <datafield tag="084" ind1=" " ind2=" ">
   <subfield code="a">12a</subfield>
   <subfield code="a">14a</subfield>
   <subfield code="2">sdnb</subfield>
  </datafield>
  <datafield tag="084" ind1=" " ind2=" ">
   <subfield code="a">9,10</subfield>
   <subfield code="2">ssgn</subfield>
  </datafield>
  <datafield tag="084" ind1=" " ind2=" ">
   <subfield code="a">RF 96909</subfield>
   <subfield code="2">rvk</subfield>
   <subfield code="0">(DE-625)rvk/142306:12900</subfield>
  </datafield>
  <datafield tag="084" ind1=" " ind2=" ">
   <subfield code="a">LK 16686</subfield>
   <subfield code="2">rvk</subfield>
   <subfield code="0">(DE-625)rvk/97619:13317</subfield>
  </datafield>
  <datafield tag="084" ind1=" " ind2=" ">
   <subfield code="a">RF 96633</subfield>
   <subfield code="2">rvk</subfield>
   <subfield code="0">(DE-625)rvk/142306:12803</subfield>
  </datafield>
  <datafield tag="084" ind1=" " ind2=" ">
   <subfield code="a">LK 16678</subfield>
   <subfield code="2">rvk</subfield>
   <subfield code="0">(DE-625)rvk/97619:13309</subfield>
  </datafield>
  <datafield tag="084" ind1=" " ind2=" ">
   <subfield code="a">ZH 9400</subfield>
   <subfield code="2">rvk</subfield>
   <subfield code="0">(DE-625)rvk/156318:</subfield>
  </datafield>
  <datafield tag="084" ind1=" " ind2=" ">
   <subfield code="a">21.60</subfield>
   <subfield code="2">bkl</subfield>
  </datafield>
  <datafield tag="084" ind1=" " ind2=" ">
   <subfield code="a">21.73</subfield>
   <subfield code="2">bkl</subfield>
  </datafield>
  <datafield tag="084" ind1=" " ind2=" ">
   <subfield code="a">74.72</subfield>
   <subfield code="2">bkl</subfield>
  </datafield>
  <datafield tag="100" ind1="1" ind2=" ">
   <subfield code="a">Wolters, Rudolf</subfield>
   <subfield code="d">1903-1983</subfield>
   <subfield code="0">(DE-588)129109533</subfield>
   <subfield code="0">(DE-627)389661481</subfield>
   <subfield code="0">(DE-576)216355494</subfield>
   <subfield code="4">aut</subfield>
  </datafield>
  <datafield tag="245" ind1="1" ind2="0">
   <subfield code="a">Stadtmitte Berlin</subfield>
   <subfield code="b">stadtbauliche Entwicklungsphasen von den Anfängen bis zur Gegenwart</subfield>
   <subfield code="c">Rudolf Wolters</subfield>
  </datafield>
  <datafield tag="263" ind1=" " ind2=" ">
   <subfield code="a">Lw. : DM 68.00</subfield>
  </datafield>
  <datafield tag="264" ind1=" " ind2="1">
   <subfield code="a">Tübingen</subfield>
   <subfield code="b">Wasmuth</subfield>
   <subfield code="c">1978</subfield>
  </datafield>
  <datafield tag="300" ind1=" " ind2=" ">
   <subfield code="a">224 S.</subfield>
   <subfield code="b">zahlr. Ill., Kt.</subfield>
  </datafield>
  <datafield tag="336" ind1=" " ind2=" ">
   <subfield code="a">Text</subfield>
   <subfield code="b">txt</subfield>
   <subfield code="2">rdacontent</subfield>
  </datafield>
  <datafield tag="337" ind1=" " ind2=" ">
   <subfield code="a">ohne Hilfsmittel zu benutzen</subfield>
   <subfield code="b">n</subfield>
   <subfield code="2">rdamedia</subfield>
  </datafield>
  <datafield tag="338" ind1=" " ind2=" ">
   <subfield code="a">Band</subfield>
   <subfield code="b">nc</subfield>
   <subfield code="2">rdacarrier</subfield>
  </datafield>
  <datafield tag="500" ind1=" " ind2=" ">
   <subfield code="a">Includes bibliographical references and index</subfield>
  </datafield>
  <datafield tag="583" ind1="1" ind2=" ">
   <subfield code="a">Archivierung/Langzeitarchivierung gewährleistet</subfield>
   <subfield code="f">PEBW</subfield>
   <subfield code="x">XA-DE-BW</subfield>
   <subfield code="2">pdager</subfield>
   <subfield code="5">DE-24</subfield>
  </datafield>
  <datafield tag="583" ind1="1" ind2=" ">
   <subfield code="a">Archivierung/Langzeitarchivierung gewährleistet</subfield>
   <subfield code="f">SSG</subfield>
   <subfield code="x">XA-DE-BW</subfield>
   <subfield code="2">pdager</subfield>
   <subfield code="5">DE-16</subfield>
  </datafield>
  <datafield tag="650" ind1="0" ind2="7">
   <subfield code="0">(DE-588)4056795-3</subfield>
   <subfield code="0">(DE-627)106153706</subfield>
   <subfield code="0">(DE-576)209119012</subfield>
   <subfield code="a">Städtebau</subfield>
   <subfield code="2">gnd</subfield>
  </datafield>
  <datafield tag="650" ind1=" " ind2="4">
   <subfield code="a">Städtebau</subfield>
  </datafield>
  <datafield tag="650" ind1=" " ind2="4">
   <subfield code="a">Berlin++Stadtbau++Geschichte</subfield>
  </datafield>
  <datafield tag="651" ind1=" " ind2="7">
   <subfield code="0">(DE-588)4005728-8</subfield>
   <subfield code="0">(DE-627)10482638X</subfield>
   <subfield code="0">(DE-576)208862560</subfield>
   <subfield code="a">Berlin</subfield>
   <subfield code="2">gnd</subfield>
  </datafield>
  <datafield tag="653" ind1=" " ind2="0">
   <subfield code="a">Architecture</subfield>
   <subfield code="a">Germany</subfield>
   <subfield code="a">Berlin</subfield>
  </datafield>
  <datafield tag="653" ind1=" " ind2="0">
   <subfield code="a">City planning</subfield>
   <subfield code="a">Germany</subfield>
   <subfield code="a">Berlin</subfield>
  </datafield>
  <datafield tag="653" ind1=" " ind2="0">
   <subfield code="a">Monuments</subfield>
   <subfield code="a">Germany</subfield>
   <subfield code="a">Berlin</subfield>
  </datafield>
  <datafield tag="653" ind1=" " ind2="0">
   <subfield code="a">Berlin (Germany)</subfield>
   <subfield code="a">Buildings, structures, etc</subfield>
  </datafield>
  <datafield tag="689" ind1="0" ind2="0">
   <subfield code="d">g</subfield>
   <subfield code="0">(DE-588)4005728-8</subfield>
   <subfield code="0">(DE-627)10482638X</subfield>
   <subfield code="0">(DE-576)208862560</subfield>
   <subfield code="a">Berlin</subfield>
   <subfield code="2">gnd</subfield>
  </datafield>
  <datafield tag="689" ind1="0" ind2="1">
   <subfield code="d">s</subfield>
   <subfield code="0">(DE-588)4056795-3</subfield>
   <subfield code="0">(DE-627)106153706</subfield>
   <subfield code="0">(DE-576)209119012</subfield>
   <subfield code="a">Städtebau</subfield>
   <subfield code="2">gnd</subfield>
  </datafield>
  <datafield tag="689" ind1="0" ind2="2">
   <subfield code="a">z</subfield>
   <subfield code="2">gnd</subfield>
   <subfield code="a">Geschichte</subfield>
  </datafield>
  <datafield tag="689" ind1="0" ind2=" ">
   <subfield code="5">(DE-627)</subfield>
  </datafield>
  <datafield tag="787" ind1="0" ind2="8">
   <subfield code="i">Rezensiert in</subfield>
   <subfield code="a">Arndt, Karl, 1929 - 2018</subfield>
   <subfield code="t">Baupolitik im Dritten Reich</subfield>
   <subfield code="d">1981</subfield>
   <subfield code="w">(DE-627)1855151952</subfield>
  </datafield>
  <datafield tag="856" ind1="4" ind2="2">
   <subfield code="u">https://swbplus.bsz-bw.de/bsz04370459xinh.htm</subfield>
   <subfield code="m">B:DE-576;DE-16</subfield>
   <subfield code="q">application/pdf</subfield>
   <subfield code="v">20090406091744</subfield>
   <subfield code="x">Verlag</subfield>
   <subfield code="3">Inhaltsverzeichnis</subfield>
   <subfield code="7">1</subfield>
  </datafield>
  <datafield tag="856" ind1="4" ind2="2">
   <subfield code="u">http://scans.hebis.de/HEBCGI/show.pl?05094562_toc.pdf</subfield>
   <subfield code="m">V:DE-605;X:Imageware</subfield>
   <subfield code="q">application/pdf</subfield>
   <subfield code="3">Inhaltsverzeichnis</subfield>
   <subfield code="7">1</subfield>
  </datafield>
  <datafield tag="889" ind1=" " ind2=" ">
   <subfield code="w">(DE-627)422822353</subfield>
  </datafield>
  <datafield tag="935" ind1=" " ind2=" ">
   <subfield code="i">mdedup</subfield>
  </datafield>
  <datafield tag="935" ind1=" " ind2=" ">
   <subfield code="i">Blocktest</subfield>
  </datafield>
  <datafield tag="936" ind1="r" ind2="v">
   <subfield code="a">RF 96909</subfield>
   <subfield code="b">Regional- und Stadtplanung</subfield>
   <subfield code="k">Geografie</subfield>
   <subfield code="k">Regionale Geografie</subfield>
   <subfield code="k">Europa</subfield>
   <subfield code="k">Mitteleuropa</subfield>
   <subfield code="k">Deutschland</subfield>
   <subfield code="k">Deutschland (Westliche Länder)</subfield>
   <subfield code="k">Berlin</subfield>
   <subfield code="k">Angewandte Geografie</subfield>
   <subfield code="k">Teilgebiete und Einzelfragen</subfield>
   <subfield code="k">Raumforschung, Raumordnung, Landesplanung</subfield>
   <subfield code="k">Regional- und Stadtplanung</subfield>
   <subfield code="0">(DE-627)1271490900</subfield>
   <subfield code="0">(DE-625)rvk/142306:12900</subfield>
   <subfield code="0">(DE-576)201490900</subfield>
  </datafield>
  <datafield tag="936" ind1="r" ind2="v">
   <subfield code="a">LK 16686</subfield>
   <subfield code="b">Öffentliche Bauten, Plätze, Industriebauten</subfield>
   <subfield code="k">Kunstgeschichte</subfield>
   <subfield code="k">Kunst nach Ländern bzw. Kontinenten</subfield>
   <subfield code="k">Deutschland</subfield>
   <subfield code="k">Kunsttopografie Deutschlands</subfield>
   <subfield code="k">Orte Deutschlands</subfield>
   <subfield code="k">Orte B</subfield>
   <subfield code="k">Berlin</subfield>
   <subfield code="k">Öffentliche Bauten, Plätze, Industriebauten</subfield>
   <subfield code="0">(DE-627)1270945122</subfield>
   <subfield code="0">(DE-625)rvk/97619:13317</subfield>
   <subfield code="0">(DE-576)200945122</subfield>
  </datafield>
  <datafield tag="936" ind1="r" ind2="v">
   <subfield code="a">RF 96633</subfield>
   <subfield code="b">Groß- und Weltstädte</subfield>
   <subfield code="k">Geografie</subfield>
   <subfield code="k">Regionale Geografie</subfield>
   <subfield code="k">Europa</subfield>
   <subfield code="k">Mitteleuropa</subfield>
   <subfield code="k">Deutschland</subfield>
   <subfield code="k">Deutschland (Westliche Länder)</subfield>
   <subfield code="k">Berlin</subfield>
   <subfield code="k">Allgemeine Geografie</subfield>
   <subfield code="k">Anthropogeografie</subfield>
   <subfield code="k">Siedlungsgeografie</subfield>
   <subfield code="k">Teilgebiete und Einzelfragen</subfield>
   <subfield code="k">Städte</subfield>
   <subfield code="k">Groß- und Weltstädte</subfield>
   <subfield code="0">(DE-627)1271572516</subfield>
   <subfield code="0">(DE-625)rvk/142306:12803</subfield>
   <subfield code="0">(DE-576)201572516</subfield>
  </datafield>
  <datafield tag="936" ind1="r" ind2="v">
   <subfield code="a">LK 16678</subfield>
   <subfield code="b">Architektur (einschließlich Grabbauten, Friedhöfe)</subfield>
   <subfield code="k">Kunstgeschichte</subfield>
   <subfield code="k">Kunst nach Ländern bzw. Kontinenten</subfield>
   <subfield code="k">Deutschland</subfield>
   <subfield code="k">Kunsttopografie Deutschlands</subfield>
   <subfield code="k">Orte Deutschlands</subfield>
   <subfield code="k">Orte B</subfield>
   <subfield code="k">Berlin</subfield>
   <subfield code="k">Kunstgeschichte</subfield>
   <subfield code="k">Architektur (einschließlich Grabbauten, Friedhöfe)</subfield>
   <subfield code="0">(DE-627)1270883100</subfield>
   <subfield code="0">(DE-625)rvk/97619:13309</subfield>
   <subfield code="0">(DE-576)200883100</subfield>
  </datafield>
  <datafield tag="936" ind1="r" ind2="v">
   <subfield code="a">ZH 9400</subfield>
   <subfield code="b">Städtebau und Stadtplanung einzelner Orte</subfield>
   <subfield code="k">Technik</subfield>
   <subfield code="k">Architektur</subfield>
   <subfield code="k">Raumplanung,Städtebau, Stadtplanung</subfield>
   <subfield code="k">Städtebau, Stadtplanung</subfield>
   <subfield code="k">Kommunale Planung und Innenentwicklung</subfield>
   <subfield code="k">Städtebau und Stadtplanung einzelner Orte</subfield>
   <subfield code="0">(DE-627)127063741X</subfield>
   <subfield code="0">(DE-625)rvk/156318:</subfield>
   <subfield code="0">(DE-576)20063741X</subfield>
  </datafield>
  <datafield tag="936" ind1="b" ind2="k">
   <subfield code="a">21.60</subfield>
   <subfield code="j">Baugeschichte: Allgemeines</subfield>
   <subfield code="0">(DE-627)106421247</subfield>
  </datafield>
  <datafield tag="936" ind1="b" ind2="k">
   <subfield code="a">21.73</subfield>
   <subfield code="j">Stadtbaugeschichte</subfield>
   <subfield code="j">Geschichte ländlicher Siedlungen</subfield>
   <subfield code="0">(DE-627)106409948</subfield>
  </datafield>
  <datafield tag="936" ind1="b" ind2="k">
   <subfield code="a">74.72</subfield>
   <subfield code="j">Stadtplanung</subfield>
   <subfield code="j">kommunale Planung</subfield>
   <subfield code="0">(DE-627)106411039</subfield>
  </datafield>
  <datafield tag="936" ind1="s" ind2="n">
   <subfield code="a">l300</subfield>
   <subfield code="2">mzub</subfield>
  </datafield>
  <datafield tag="936" ind1="s" ind2="n">
   <subfield code="a">r100</subfield>
   <subfield code="2">mzub</subfield>
  </datafield>
  <datafield tag="936" ind1="s" ind2="n">
   <subfield code="a">z210</subfield>
   <subfield code="2">mzub</subfield>
  </datafield>
  <datafield tag="951" ind1=" " ind2=" ">
   <subfield code="a">BO</subfield>
  </datafield>
  <datafield tag="990" ind1=" " ind2=" ">
   <subfield code="a">Berlin</subfield>
  </datafield>
  <datafield tag="990" ind1=" " ind2=" ">
   <subfield code="a">Städtebau</subfield>
  </datafield>
  <datafield tag="990" ind1=" " ind2=" ">
   <subfield code="a">Geschichte</subfield>
  </datafield>
  <datafield tag="991" ind1=" " ind2=" ">
   <subfield code="a">Rezensiertes Werk</subfield>
  </datafield>
  <datafield tag="999" ind1=" " ind2=" ">
   <subfield code="a">KXP-PPN011281278</subfield>
   <subfield code="e">4916221702</subfield>
  </datafield>
 </record>
</collection>
